LIBRARY & INFORMATION CENTRE, KCAET, TAVANUR

ONLINE PUBLIC ACCESS CATALOGUE (OPAC)

Instrumentation devices and systems / (Record no. 1370)

MARC details
000 -LEADER
fixed length control field 00470cam a2200181ua 4500
003 - CONTROL NUMBER IDENTIFIER
control field OSt
008 - FIXED-LENGTH DATA ELEMENTS--GENERAL INFORMATION
fixed length control field 241226b |||||||| |||| 00| 0 eng d
041 ## - LANGUAGE CODE
Language code of text/sound track or separate title eng
082 ## - DEWEY DECIMAL CLASSIFICATION NUMBER
Classification number 621.371
Item number RAN/IN
100 ## - MAIN ENTRY--AUTHOR NAME
Personal name Rangan, C.S .
245 ## - TITLE STATEMENT
Title Instrumentation devices and systems /
250 ## - EDITION STATEMENT
Edition statement 1 /
260 ## - PUBLICATION, DISTRIBUTION, ETC. (IMPRINT)
Place of publication :
Name of publisher Tata Mc-Graw Hill Publishing Company ,
Year of publication 1985.
300 ## - PHYSICAL DESCRIPTION
Number of Pages 529 ; .
700 1# - ADDED ENTRY--PERSONAL NAME
Personal name Mani, V S V .
700 1# - ADDED ENTRY--PERSONAL NAME
Personal name Sarma, G.R .
942 ## - ADDED ENTRY ELEMENTS (KOHA)
Koha item type Books
Holdings
Withdrawn status Lost status Damaged status Home library Current library Date acquired Full call number Accession Number Koha item type Shelving location
      KAUAET KAUAET 07/04/2012 621.371 RAN/IN 15718 Books  
      KAUAET KAUAET 31/08/2018 621.371 RAN/IN 18305 Books Scheme
      KAUAET KAUAET 31/08/2018 621.371 RAN/IN 18304 Books Scheme
      KAUAET KAUAET 31/08/2018 621.371 RAN/IN 18303 Books Scheme
      KAUAET KAUAET 04/09/2018 621.371 RAN/IN 18302 Books Scheme
free website counter